00611nam a22001817a 450000500170000001000260001702000260004303500140006903500140008303700090009708200080010610000130011424500450012726000520017227001330022430000200035750000520037720251029122430.0 aENG-141352 ENG-147010 a9788119798971c999.00 aEN-124884 aEN-130542 bDBAD a250 aOm, Hari aBuddhists Playing With Fire/cBy Hari Om aNew DelhibHar Anand Publications Pvy Ltdc2024 aE-49/3, Okhla Industrial Area, Phase-IIbNew Delhie110020cNew Delhik011-41603490l011-41708607minfo@haranandpublications.com a264p.c23cm(pb) aPolitical History of Ladakh Post-August 5, 2019